Testo/Lyrics Pinguini Tattici Nucleari: "Giovani Wannabe" - Statistiken

Allgemein
  • Dieses Quiz wurde 3 mal gespielt
  • Das Durchschnittsergebnis liegt bei 257 aus 373
Antwortstatistiken
Risposta % Korrekt
a
100%
auto
100%
autostrade
100%
basta
100%
che
100%
con
100%
da
100%
dedico
100%
dei
100%
del
100%
di
100%
do
100%
dove
100%
e
100%
è
100%
feed
100%
figli
100%
fine
100%
fiori
100%
foto
100%
giovani
100%
hai
100%
i
100%
in
100%
le
100%
lontane
100%
lontano
100%
ma
100%
mare
100%
me
100%
Nel
100%
nel
100%
noi
100%
o
100%
paesaggi
100%
paesaggio
100%
portami
100%
pure
100%
si
100%
sia
100%
siamo
100%
solamente
100%
sul
100%
te
100%
ti
100%
tu
100%
vuoi
100%
wannabe
100%
al
50%
alla
50%
amarcord
50%
amici
50%
anche
50%
ancora
50%
ansie
50%
Audi
50%
band
50%
bang
50%
bel
50%
bella
50%
Belle
50%
bibbia
50%
big
50%
bimbo
50%
black
50%
bloc
50%
Bloch
50%
cachet
50%
camera
50%
c'è
50%
c'hai
50%
chiedi
50%
come
50%
cuore
50%
dammi
50%
dell'
50%
della
50%
dimentica
50%
dinosauri
50%
disegni
50%
Dorian
50%
dormi
50%
dovunque
50%
ed
50%
Époche
50%
esisti
50%
facciam
50%
fai
50%
forse
50%
fortuna
50%
Freud
50%
gambe
50%
guai
50%
guard
50%
guardarti
50%
guerre
50%
Hendrix
50%
ho
50%
hotel
50%
il
50%
incontrarti
50%
inizia
50%
io
50%
iOS
50%
Jack
50%
la
50%
lasci
50%
leggi
50%
letto
50%
male
50%
Marc
50%
mattina
50%
meglio
50%
mi
50%
mia
50%
mie
50%
mio
50%
momento
50%
muore
50%
nasce
50%
nome
50%
non
50%
o'clock
50%
odiavo
50%
ogni
50%
on
50%
pagine
50%
parlare
50%
parlerà
50%
passato
50%
per
50%
perchè
50%
pianeti
50%
piedi
50%
pioveva
50%
più
50%
poi
50%
portano
50%
posto
50%
prima
50%
prossimo
50%
pulirò
50%
quando
50%
rail
50%
restiamo
50%
ricordo
50%
riesco
50%
road
50%
rocks
50%
sai
50%
scambiamoci
50%
schiantarsi
50%
se
50%
segno
50%
sei
50%
senso
50%
sfiorare
50%
soli
50%
solisti
50%
sopra
50%
sopravissuti
50%
spaccami
50%
Spock
50%
stavo
50%
storia
50%
stratocaster
50%
sulle
50%
telegiornale
50%
tempismo
50%
teppismo
50%
the
50%
tra
50%
tranne
50%
tropicale
50%
tue
50%
tuo
50%
tutta
50%
tutti
50%
un
50%
uragano
50%
uscire
50%
vacanze
50%
vai
50%
vetro
50%
viaggio
50%
viso
50%
vita
50%
voglio
50%
dai
0%
mai
0%
negli
0%
posti
0%
sfondi
0%
visto
0%
Keine übereinstimmenden Quizze gefunden
Verteilung der Resultate
Anzahl Personen mit jedem Resultat
Perzentil nach korrekt beantworteten Fragen
Ihre Resultats-Entwicklung
Sie haben dieses Quiz noch nicht gespielt